Financial accounting / (Record no. 43482)

MARC details
000 -LEADER
fixed length control field 00962pam a2200277 a 4500
001 - CONTROL NUMBER
control field vtls003029330
003 - CONTROL NUMBER IDENTIFIER
control field MY-SjTCS
005 - DATE AND TIME OF LATEST TRANSACTION
control field 20200306163559.0
008 - FIXED-LENGTH DATA ELEMENTS--GENERAL INFORMATION
fixed length control field 110218s2006 qeaa 001 0 eng
020 ## - INTERNATIONAL STANDARD BOOK NUMBER
International Standard Book Number 0470806605 (pbk.)
020 ## - INTERNATIONAL STANDARD BOOK NUMBER
International Standard Book Number 9780470806609 (pbk.)
039 #9 - LEVEL OF BIBLIOGRAPHIC CONTROL AND CODING DETAIL [OBSOLETE]
Level of rules in bibliographic description 201102181707
Level of effort used to assign nonsubject heading access points VLOAD
Level of effort used to assign subject headings 200902121434
Level of effort used to assign classification mas
Level of effort used to assign subject headings 200902101844
Level of effort used to assign classification shahriman
Level of effort used to assign subject headings 200811241809
Level of effort used to assign classification VLOAD
-- 200607130956
-- ismail
082 04 - DEWEY DECIMAL CLASSIFICATION NUMBER
Classification number 657.0994
Item number HOG
100 1# - MAIN ENTRY--PERSONAL NAME
Personal name Hoggett, John,
Dates associated with a name 1948-
9 (RLIN) 33407
245 10 - TITLE STATEMENT
Title Financial accounting /
Statement of responsibility, etc. Hoggett, Edwards, Medlin.
250 ## - EDITION STATEMENT
Edition statement 6th ed.
260 ## - PUBLICATION, DISTRIBUTION, ETC.
Place of publication, distribution, etc. Milton, Qld. :
Name of publisher, distributor, etc. John Wiley & Sons (Australia),
Date of publication, distribution, etc. c2006.
300 ## - PHYSICAL DESCRIPTION
Extent xix, 939 p. :
Other physical details ill. (some col.) ;
Dimensions 26 cm.
500 ## - GENERAL NOTE
General note Includes index.
500 ## - GENERAL NOTE
General note Previous ed.: 2003.
650 #0 - SUBJECT ADDED ENTRY--TOPICAL TERM
Topical term or geographic name entry element Accounting
Form subdivision Textbooks.
9 (RLIN) 23568
650 #0 - SUBJECT ADDED ENTRY--TOPICAL TERM
Topical term or geographic name entry element Accounting
Geographic subdivision Australia
Form subdivision Textbooks.
9 (RLIN) 236062
700 1# - ADDED ENTRY--PERSONAL NAME
Personal name Edwards, Lew.
9 (RLIN) 182
700 1# - ADDED ENTRY--PERSONAL NAME
Personal name Medlin, John Francis.
9 (RLIN) 236063
920 ## - Programme
Programme GRL : 181573, 183622
Holdings
Withdrawn status Lost status Source of classification or shelving scheme Damaged status Not for loan Home library Current library Date acquired Cost, normal purchase price Total Checkouts Barcode Date last seen Date last checked out Copy number Uniform Resource Identifier Cost, replacement price Koha item type Public note
    Dewey Decimal Classification     Taylor's Library-TU Taylor's Library-TU 10/02/2009 152.83 47 5000022348 05/12/2019 24/04/2014 1 Floor 4, Shelf 22 , Side 2, TierNo 2, BayNo 5 152.83 Main Collection GENLS,GENLS,03,GR
  Missing Stock take Dewey Decimal Classification     Taylor's Library-TU Taylor's Library-TU 13/07/2006   35 5000005870 05/12/2019 22/04/2013 1     Main Collection GENLS,GENLS,03,GR